| 000 | 01851nam a22004817a 4500 | ||
|---|---|---|---|
| 001 | 000095387 | ||
| 003 | CHAP | ||
| 005 | 20220329143107.0 | ||
| 008 | 060313d2005 mx r 00110 spa d | ||
| 010 | _a91853 | ||
| 011 | _a92825 | ||
| 035 | _a103391 | ||
| 040 | _cCHAP | ||
| 090 | _aTesis | ||
| 100 | 1 |
_aRomero Moranchel, Mario. _999628 |
|
| 245 | 1 | 0 |
_aComportamiento de la calidad fisiológica de semillas de maíz (Zea mays L,) trigo (Triticum aestivum L.) y triticale (X Triticosecale Wittmack) Tratadas con irradiación en horno de microondas / _c/por Mario Romero Moranchel. |
| 260 |
_aChapingo, Méx. : _bEl autor, _c2005. |
||
| 300 |
_a46 h. : _bgráfs.; cuadros. |
||
| 502 | _aTesis (Ing. Agr. Esp. en Fitotecnia) - - UACH. Departamento de Fitotecnia | ||
| 590 |
_aALEPH _b10 _c20130110 _lUCH01 _h1510 |
||
| 590 |
_aBATCH-UPD _b10 _c20130110 _lUCH01 _h0301 |
||
| 590 |
_aBATCH-UPD _b10 _c20130110 _lUCH01 _h1555 |
||
| 590 |
_aBATCH-UPD _b10 _c20130409 _lUCH01 _h2332 |
||
| 590 |
_aBATCH-UPD _b10 _c20130914 _lUCH01 _h1655 |
||
| 590 |
_aBATCH-UPD _b10 _c20140324 _lUCH01 _h1455 |
||
| 590 |
_aBATCH-UPD _b10 _c20141002 _lUCH01 _h0829 |
||
| 590 |
_aCONVERSION _b10 _c20130109 _lUCH01 _h1351 |
||
| 590 |
_aE12093SGE _b10 _c20130603 _lUCH01 _h1049 |
||
| 650 | 1 | 4 |
_aIrradiación. _960363 |
| 650 | 1 | 4 |
_aMaíz _xGerminación. _970965 |
| 650 | 1 | 4 |
_aMaíz _xSemilla. _971059 |
| 650 | 1 | 4 |
_aSemillas _xCalidad. _9103881 |
| 650 | 1 | 4 |
_aSemillas _xFisiología y morfología. _9103902 |
| 650 | 1 | 4 |
_aTrigo _xSemilla. _9115097 |
| 650 | 1 | 4 |
_aTriticale _xSemilla. _9115228 |
| 856 |
_3Finding aid _uhttp://10.13.5.2/tesis/103391.pdf _zTeclea aquí |
||
| 901 | _aBK | ||
| 905 | _aElisama A. H. | ||
| 942 | _cCD | ||
| 942 | _n0 | ||
| 949 |
_aTesis _bBC _cTES _d00000000103391 _eTS1 _h44833 _i103391 _sb |
||
| 949 |
_aTesis _bBC _cTES _d33724000969341 _eTS2 _fc.2 _h44834 _i103391 _si |
||
| 999 |
_c91853 _d91853 |
||